[Event "1.CLZ 15/16,Unichess-Praha-Kobylisy"]
[Site "Praha"]
[Date "2016.02.28"]
[Round "9.1"]
[White "Cernousek, Lukas"]
[Black "Hinks-Edwards, Thomas"]
[Result "1-0"]
[BlackElo "2386"]
[WhiteElo "2470"]
[WhiteTeam "Unichess"]
[BlackTeam "Kobylisy"]
[LiveChessVersion "1.4.6"]

1. d4 {[%clk 1:30:42]} e6 {[%clk 1:30:47]} 2. e4 {[%clk 1:31:05]} d5
{[%clk 1:30:15]} 3. Nc3 {[%clk 1:31:28]} Bb4 {[%clk 1:30:12]} 4. e5
{[%clk 1:31:51]} c5 {[%clk 1:29:35]} 5. a3 {[%clk 1:32:15]} cxd4 {[%clk 1:29:25]}
6. axb4 {[%clk 1:25:32]} dxc3 {[%clk 1:29:35]} 7. Qg4 {[%clk 1:12:22]} Kf8
{[%clk 1:27:40]} 8. Bd3 {[%clk 1:10:57]} Qc7 {[%clk 1:24:29]} 9. Nf3
{[%clk 1:08:06]} Nd7 {[%clk 1:23:24]} 10. O-O {[%clk 1:07:13]} Ne7
{[%clk 1:19:22]} 11. Re1 {[%clk 0:57:47]} Ng6 {[%clk 1:05:57]} 12. Qd4
{[%clk 0:46:14]} Nb6 {[%clk 0:45:05]} 13. b3 {[%clk 0:36:52]} Ne7
{[%clk 0:30:52]} 14. b5 {[%clk 0:32:02]} Bd7 {[%clk 0:23:32]} 15. Ba3
{[%clk 0:22:30]} Nbc8 {[%clk 0:23:05]} 16. Ng5 {[%clk 0:21:57]} h6
{[%clk 0:19:22]} 17. Nh7+ {[%clk 0:22:25]} Rxh7 {[%clk 0:16:31]} 18. Bxh7
{[%clk 0:22:53]} Bxb5 {[%clk 0:16:38]} 19. Re3 {[%clk 0:17:48]} a6
{[%clk 0:10:33]} 20. Rxc3 {[%clk 0:17:33]} Qd8 {[%clk 0:10:03]} 21. Rf3
{[%clk 0:17:03]} Be2 {[%clk 0:07:17]} 22. Rg3 {[%clk 0:13:01]} Bh5
{[%clk 0:03:09]} 23. Qh4 {[%clk 0:09:28]} Bg6 {[%clk 0:03:22]} 24. Bxg6
{[%clk 0:09:38]} fxg6 {[%clk 0:03:49]} 25. Rxg6 {[%clk 0:10:02]} Kf7
{[%clk 0:03:43]} 26. Rg3 {[%clk 0:10:11]} Qc7 {[%clk 0:03:47]} 27. Qh5+
{[%clk 0:09:53]} Kg8 {[%clk 0:02:07]} 28. Qe8+ {[%clk 0:04:04]} Kh7
{[%clk 0:02:31]} 29. Bxe7 {[%clk 0:04:17]} Qxe7 {[%clk 0:02:28]} 30. Qg6+
{[%clk 0:04:40]} Kh8 {[%clk 0:02:19]} 31. Ra4 {[%clk 0:04:00]} 1-0

[Event "1.CLZ 15/16,Unichess-Praha-Kobylisy"]
[Site "Praha"]
[Date "2016.02.28"]
[Round "9.2"]
[White "Svatos, Jan"]
[Black "Jirka, Jiri"]
[Result "0-1"]
[BlackElo "2418"]
[WhiteElo "2269"]
[WhiteTeam "Kobylisy"]
[BlackTeam "Unichess"]
[LiveChessVersion "1.4.6"]

1. d4 {[%clk 1:30:29]} d5 {[%clk 1:30:50]} 2. Nf3 {[%clk 1:30:01]} Nf6
{[%clk 1:31:19]} 3. Bf4 {[%clk 1:30:11]} c5 {[%clk 1:30:21]} 4. c3
{[%clk 1:29:25]} Nc6 {[%clk 1:30:36]} 5. e3 {[%clk 1:26:04]} Qb6 {[%clk 1:28:42]}
6. Na3 {[%clk 1:19:35]} c4 {[%clk 1:19:45]} 7. Qc1 {[%clk 1:00:07]} Bf5
{[%clk 1:15:18]} 8. Nh4 {[%clk 0:55:00]} Bd7 {[%clk 1:11:39]} 9. Be2
{[%clk 0:42:44]} h6 {[%clk 1:10:38]} 10. Be5 {[%clk 0:43:01]} Nxe5
{[%clk 1:07:58]} 11. dxe5 {[%clk 0:43:29]} Ne4 {[%clk 1:08:00]} 12. O-O
{[%clk 0:38:30]} e6 {[%clk 1:01:17]} 13. Nc2 {[%clk 0:34:24]} g5 {[%clk 0:57:18]}
14. Nf3 {[%clk 0:34:53]} Bg7 {[%clk 0:57:22]} 15. Ncd4 {[%clk 0:31:44]} h5
{[%clk 0:53:34]} 16. b3 {[%clk 0:22:31]} g4 {[%clk 0:46:02]} 17. Nd2
{[%clk 0:22:05]} cxb3 {[%clk 0:45:18]} 18. Rb1 {[%clk 0:18:25]} Nxd2
{[%clk 0:44:11]} 19. Qxd2 {[%clk 0:18:54]} Bxe5 {[%clk 0:43:54]} 20. Rxb3
{[%clk 0:17:08]} Qc7 {[%clk 0:41:53]} 21. g3 {[%clk 0:16:57]} f5 {[%clk 0:19:54]}
22. c4 {[%clk 0:02:52]} dxc4 {[%clk 0:18:42]} 23. Rc1 {[%clk 0:03:21]} cxb3
{[%clk 0:04:09]} 24. Rxc7 {[%clk 0:03:49]} Bxc7 {[%clk 0:04:31]} 25. Bb5
{[%clk 0:03:14]} O-O-O {[%clk 0:04:06]} 26. Qb2 {[%clk 0:01:15]} e5
{[%clk 0:00:36]} 27. Bxd7+ {[%clk 0:01:30]} Rxd7 {[%clk 0:01:00]} 28. Nxf5
{[%clk 0:01:33]} bxa2 {[%clk 0:00:57]} 29. Qxa2 {[%clk 0:01:57]} Kb8
{[%clk 0:01:02]} 30. e4 {[%clk 0:00:47]} Rhd8 {[%clk 0:00:55]} 31. Ne3
{[%clk 0:00:41]} Bb6 {[%clk 0:00:53]} 32. Nd5 {[%clk 0:01:01]} Bd4
{[%clk 0:01:08]} 33. Qa5 {[%clk 0:00:41]} Rf8 {[%clk 0:01:10]} 34. Ne3
{[%clk 0:01:00]} Rc8 {[%clk 0:00:34]} 35. Nf5 {[%clk 0:00:54]} a6
{[%clk 0:00:34]} 36. Kg2 {[%clk 0:00:50]} Ka7 {[%clk 0:00:32]} 37. h3
{[%clk 0:00:37]} Bb6 {[%clk 0:00:38]} 38. Qa2 {[%clk 0:00:37]} Rcd8
{[%clk 0:00:46]} 39. hxg4 {[%clk 0:00:58]} hxg4 {[%clk 0:01:00]} 40. Qe2
{[%clk 0:01:13]} Rd2 {[%clk 0:00:45]} 41. Qxg4 {[%clk 0:01:40]} Bxf2
{[%clk 0:08:50]} 42. Qh4 {[%clk 0:25:59]} Bb6+ {[%clk 0:01:23]} 43. Kh3
{[%clk 0:26:06]} a5 {[%clk 0:00:40]} 44. Qe7 {[%clk 0:23:41]} Rh8+
{[%clk 0:00:50]} 45. Kg4 {[%clk 0:23:20]} Rg8+ {[%clk 0:01:19]} 46. Kh3
{[%clk 0:22:06]} Bg1 {[%clk 0:00:41]} 47. g4 {[%clk 0:21:36]} Rd3+
{[%clk 0:00:38]} 48. Kg2 {[%clk 0:21:54]} Rxg4+ {[%clk 0:00:54]} 49. Kf1
{[%clk 0:22:23]} Bb6 {[%clk 0:00:34]} 50. Nd6 {[%clk 0:19:04]} Rf4+
{[%clk 0:00:57]} 51. Ke2 {[%clk 0:18:14]} Rxd6 {[%clk 0:01:18]} 52. Qxd6
{[%clk 0:18:42]} Rxe4+ {[%clk 0:01:34]} 53. Kf1 {[%clk 0:18:08]} Re3
{[%clk 0:01:14]} 54. Qd5 {[%clk 0:16:33]} e4 {[%clk 0:01:38]} 55. Qc4
{[%clk 0:16:26]} Rf3+ {[%clk 0:01:52]} 56. Ke1 {[%clk 0:14:45]} e3
{[%clk 0:02:14]} 57. Qe4 {[%clk 0:12:24]} Rf2 {[%clk 0:02:41]} 58. Qa4
{[%clk 0:09:33]} Rd2 {[%clk 0:02:58]} 59. Qb5 {[%clk 0:09:51]} Rd4
{[%clk 0:02:42]} 60. Qb3 {[%clk 0:08:13]} a4 {[%clk 0:02:07]} 61. Qb5
{[%clk 0:07:03]} a3 {[%clk 0:02:05]} 62. Qb3 {[%clk 0:07:31]} Bc5
{[%clk 0:02:04]} 63. Qb5 {[%clk 0:02:15]} b6 {[%clk 0:02:10]} 64. Qe8
{[%clk 0:02:44]} Ka6 {[%clk 0:02:03]} 65. Ke2 {[%clk 0:02:18]} Rd2+
{[%clk 0:02:18]} 66. Kf3 {[%clk 0:01:12]} Ka5 {[%clk 0:02:47]} 67. Qa8+
{[%clk 0:01:30]} Kb4 {[%clk 0:03:11]} 68. Qe4+ {[%clk 0:01:49]} Kc3
{[%clk 0:03:07]} 69. Qe5+ {[%clk 0:02:02]} Rd4 {[%clk 0:02:59]} 70. Ke2
{[%clk 0:02:25]} a2 0-1

[Event "1.CLZ 15/16,Unichess-Praha-Kobylisy"]
[Site "Praha"]
[Date "2016.02.28"]
[Round "9.3"]
[White "Vavra, Pavel"]
[Black "Formanek, Martin"]
[Result "1-0"]
[BlackElo "2166"]
[WhiteElo "2352"]
[WhiteTeam "Unichess"]
[BlackTeam "Kobylisy"]
[LiveChessVersion "1.4.6"]

1. d4 {[%clk 1:11:05]} Nf6 {[%clk 1:30:46]} 2. Bg5 {[%clk 1:11:29]} e6
{[%clk 1:29:31]} 3. e4 {[%clk 1:11:28]} h6 {[%clk 1:29:52]} 4. Bxf6
{[%clk 1:11:51]} Qxf6 {[%clk 1:30:17]} 5. c3 {[%clk 1:12:13]} d6 {[%clk 1:27:33]}
6. Bd3 {[%clk 1:12:30]} g6 {[%clk 1:25:33]} 7. Ne2 {[%clk 1:12:45]} Bg7
{[%clk 1:25:56]} 8. O-O {[%clk 1:11:06]} O-O {[%clk 1:25:54]} 9. f4
{[%clk 1:11:22]} d5 {[%clk 1:15:04]} 10. e5 {[%clk 1:09:21]} Qe7 {[%clk 1:15:28]}
11. Nd2 {[%clk 0:59:07]} c5 {[%clk 1:09:30]} 12. Nf3 {[%clk 0:56:20]} Bd7
{[%clk 0:53:19]} 13. g4 {[%clk 0:56:01]} f5 {[%clk 0:52:30]} 14. exf6
{[%clk 0:55:54]} Qxf6 {[%clk 0:52:54]} 15. g5 {[%clk 0:48:57]} hxg5
{[%clk 0:46:00]} 16. fxg5 {[%clk 0:47:40]} Qe7 {[%clk 0:43:13]} 17. Bxg6
{[%clk 0:41:52]} Nc6 {[%clk 0:41:56]} 18. Bc2 {[%clk 0:36:49]} Bh8
{[%clk 0:18:28]} 19. Qd2 {[%clk 0:26:34]} Qd6 {[%clk 0:11:30]} 20. g6
{[%clk 0:24:28]} e5 {[%clk 0:09:24]} 21. Qh6 {[%clk 0:24:21]} Qe7
{[%clk 0:09:27]} 22. dxe5 {[%clk 0:12:24]} Bxe5 {[%clk 0:09:00]} 23. Nxe5
{[%clk 0:12:42]} Nxe5 {[%clk 0:09:10]} 24. Nf4 {[%clk 0:12:56]} Ng4
{[%clk 0:05:48]} 25. Rae1 {[%clk 0:12:20]} Nxh6 {[%clk 0:04:50]} 26. Rxe7
{[%clk 0:12:42]} Bh3 {[%clk 0:04:46]} 27. Nxh3 {[%clk 0:12:52]} 1-0

[Event "1.CLZ 15/16,Unichess-Praha-Kobylisy"]
[Site "Praha"]
[Date "2016.02.28"]
[Round "9.4"]
[White "Dvorak, Jan"]
[Black "Kovar, Vojtech"]
[Result "0-1"]
[BlackElo "2351"]
[WhiteElo "2162"]
[WhiteTeam "Kobylisy"]
[BlackTeam "Unichess"]
[LiveChessVersion "1.4.6"]

1. c4 {[%clk 1:30:57]} Nf6 {[%clk 1:30:52]} 2. g3 {[%clk 1:30:48]} e6
{[%clk 1:30:58]} 3. Bg2 {[%clk 1:30:41]} d5 {[%clk 1:31:23]} 4. Nf3
{[%clk 1:29:10]} Be7 {[%clk 1:26:56]} 5. O-O {[%clk 1:24:38]} O-O
{[%clk 1:27:21]} 6. b3 {[%clk 1:22:49]} a5 {[%clk 1:21:15]} 7. Bb2
{[%clk 1:14:23]} a4 {[%clk 1:21:10]} 8. Na3 {[%clk 1:09:04]} c6 {[%clk 1:20:31]}
9. Qc1 {[%clk 1:00:27]} Nbd7 {[%clk 1:20:02]} 10. d4 {[%clk 0:54:29]} Qa5
{[%clk 1:16:41]} 11. c5 {[%clk 0:39:13]} Ne4 {[%clk 1:16:27]} 12. Nc2
{[%clk 0:29:11]} b6 {[%clk 1:11:21]} 13. b4 {[%clk 0:27:26]} Qb5 {[%clk 1:11:46]}
14. Nd2 {[%clk 0:25:41]} f5 {[%clk 1:00:41]} 15. Nxe4 {[%clk 0:15:58]} fxe4
{[%clk 1:00:24]} 16. Re1 {[%clk 0:12:17]} Rb8 {[%clk 0:50:39]} 17. Bc3
{[%clk 0:10:36]} Qa6 {[%clk 0:45:39]} 18. f3 {[%clk 0:10:17]} e5 {[%clk 0:42:41]}
19. fxe4 {[%clk 0:08:22]} bxc5 {[%clk 0:42:39]} 20. bxc5 {[%clk 0:05:22]} exd4
{[%clk 0:41:06]} 21. Bxd4 {[%clk 0:05:33]} dxe4 {[%clk 0:40:16]} 22. Qe3
{[%clk 0:03:39]} Nf6 {[%clk 0:39:22]} 23. Na3 {[%clk 0:03:49]} Bf5
{[%clk 0:36:26]} 24. Qg5 {[%clk 0:02:47]} Bg6 {[%clk 0:30:24]} 25. Bf1
{[%clk 0:02:22]} Nd5 {[%clk 0:29:53]} 26. Qg4 {[%clk 0:02:19]} e3
{[%clk 0:24:54]} 27. Bg2 {[%clk 0:02:05]} Bf6 {[%clk 0:22:03]} 28. Bxf6
{[%clk 0:02:11]} Rxf6 {[%clk 0:22:22]} 29. Qd4 {[%clk 0:02:20]} Bf7
{[%clk 0:13:12]} 30. Rab1 {[%clk 0:02:42]} Re8 {[%clk 0:13:35]} 31. Nc4
{[%clk 0:02:49]} Nf4 {[%clk 0:10:36]} 32. Nd6 {[%clk 0:01:46]} Nxe2+
{[%clk 0:08:42]} 33. Rxe2 {[%clk 0:02:13]} Qxe2 {[%clk 0:09:07]} 34. Nxe8
{[%clk 0:02:38]} Bxe8 {[%clk 0:09:07]} 35. Qe5 {[%clk 0:00:54]} Rf8
{[%clk 0:08:36]} 36. Qe7 {[%clk 0:00:40]} Bg6 {[%clk 0:08:02]} 37. Bxc6
{[%clk 0:00:46]} Qf2+ {[%clk 0:08:11]} 38. Kh1 {[%clk 0:01:14]} Bxb1
{[%clk 0:08:33]} 39. Bd5+ {[%clk 0:01:41]} 0-1

[Event "1.CLZ 15/16,Unichess-Praha-Kobylisy"]
[Site "Praha"]
[Date "2016.02.28"]
[Round "9.5"]
[White "Rehorek, Martin"]
[Black "Chmel, Kristian"]
[Result "1/2-1/2"]
[BlackElo "2109"]
[WhiteElo "2280"]
[WhiteTeam "Unichess"]
[BlackTeam "Kobylisy"]
[LiveChessVersion "1.4.6"]

1. Nf3 {[%clk 1:29:05]} Nf6 {[%clk 1:30:47]} 2. c4 {[%clk 1:29:23]} e6
{[%clk 1:30:48]} 3. g3 {[%clk 1:29:05]} b6 {[%clk 1:30:56]} 4. Bg2
{[%clk 1:29:27]} Bb7 {[%clk 1:31:20]} 5. O-O {[%clk 1:29:48]} Be7
{[%clk 1:31:35]} 6. Nc3 {[%clk 1:30:07]} O-O {[%clk 1:31:21]} 7. d3
{[%clk 1:25:44]} d5 {[%clk 1:26:34]} 8. cxd5 {[%clk 1:25:59]} exd5
{[%clk 1:25:23]} 9. Nd4 {[%clk 1:24:35]} Re8 {[%clk 1:23:40]} 10. e3
{[%clk 1:22:01]} a6 {[%clk 1:19:43]} 11. b3 {[%clk 1:18:13]} Bf8 {[%clk 1:14:00]}
12. Bb2 {[%clk 1:14:06]} Nbd7 {[%clk 1:07:38]} 13. Rc1 {[%clk 1:11:08]} Rc8
{[%clk 1:06:03]} 14. Nde2 {[%clk 1:03:35]} Ne5 {[%clk 0:53:44]} 15. Nf4
{[%clk 1:00:35]} Ng6 {[%clk 0:47:24]} 16. Nh5 {[%clk 0:58:35]} Nxh5
{[%clk 0:45:26]} 17. Qxh5 {[%clk 0:58:54]} Ne5 {[%clk 0:42:21]} 18. Rfd1
{[%clk 0:52:24]} g6 {[%clk 0:38:36]} 19. Qe2 {[%clk 0:51:22]} h5 {[%clk 0:38:49]}
20. h3 {[%clk 0:48:09]} c6 {[%clk 0:32:06]} 21. Qd2 {[%clk 0:44:44]} Bh6
{[%clk 0:26:30]} 22. Ne2 {[%clk 0:43:21]} Rc7 {[%clk 0:23:17]} 23. f4
{[%clk 0:39:44]} Nd7 {[%clk 0:19:03]} 24. Qc3 {[%clk 0:39:45]} f6
{[%clk 0:13:27]} 25. Bxd5+ {[%clk 0:38:19]} Kh7 {[%clk 0:13:50]} 26. d4
{[%clk 0:33:06]} Qe7 {[%clk 0:08:42]} 27. Bf3 {[%clk 0:32:45]} c5
{[%clk 0:04:04]} 28. d5 {[%clk 0:32:01]} Qd6 {[%clk 0:04:28]} 29. e4
{[%clk 0:30:54]} h4 {[%clk 0:03:47]} 30. Bg2 {[%clk 0:28:38]} hxg3
{[%clk 0:02:39]} 31. Qxg3 {[%clk 0:28:54]} a5 {[%clk 0:02:13]} 32. Rc2
{[%clk 0:26:30]} Ba6 {[%clk 0:02:23]} 33. Bc1 {[%clk 0:26:22]} Bxe2
{[%clk 0:00:59]} 34. Rxe2 {[%clk 0:26:44]} c4 {[%clk 0:01:22]} 35. e5
{[%clk 0:23:05]} fxe5 {[%clk 0:01:07]} 36. fxe5 {[%clk 0:23:27]} Nxe5
{[%clk 0:00:52]} 37. Bxh6 {[%clk 0:23:16]} Kxh6 {[%clk 0:01:10]} 38. bxc4
{[%clk 0:22:45]} Rf7 {[%clk 0:00:47]} 39. Qh4+ {[%clk 0:20:17]} Kg7
{[%clk 0:01:12]} 40. Rde1 {[%clk 0:20:12]} Qc5+ {[%clk 0:00:36]} 41. Kh1
{[%clk 0:19:44]} Rh8 {[%clk 0:22:06]} 42. Qg3 {[%clk 0:49:58]} Nd7
{[%clk 0:18:12]} 43. Re6 {[%clk 0:47:45]} Nf6 {[%clk 0:17:17]} 44. Rc6
{[%clk 0:47:23]} Qd4 {[%clk 0:16:25]} 45. Qe3 {[%clk 0:47:22]} Qb2
{[%clk 0:14:32]} 46. Rf1 {[%clk 0:46:08]} Rhf8 {[%clk 0:12:46]} 47. Qxb6
{[%clk 0:44:18]} Qxa2 {[%clk 0:12:07]} 48. Qd4 {[%clk 0:44:39]} a4
{[%clk 0:11:33]} 49. c5 {[%clk 0:43:22]} a3 {[%clk 0:11:28]} 50. Ra6
{[%clk 0:41:43]} Qb2 {[%clk 0:11:05]} 51. Qxb2 {[%clk 0:41:06]} axb2
{[%clk 0:11:30]} 52. Rb6 {[%clk 0:38:06]} Nd7 {[%clk 0:05:39]} 53. Rxf7+
{[%clk 0:37:06]} Kxf7 {[%clk 0:05:32]} 54. Rxb2 {[%clk 0:37:01]} Nxc5
{[%clk 0:05:56]} 55. Kh2 {[%clk 0:35:55]} Nd3 {[%clk 0:04:32]} 56. Rb7+
{[%clk 0:34:44]} Kf6 {[%clk 0:04:41]} 57. Rb6+ {[%clk 0:34:38]} Kf5
{[%clk 0:04:23]} 58. Kg3 {[%clk 0:30:47]} Nf4 {[%clk 0:03:24]} 59. Bf3
{[%clk 0:30:56]} Ke5 {[%clk 0:02:59]} 60. Rb1 {[%clk 0:29:47]} Kd6
{[%clk 0:01:13]} 61. h4 {[%clk 0:28:06]} Nxd5 {[%clk 0:00:41]} 62. Rd1
{[%clk 0:28:15]} Rf5 {[%clk 0:00:57]} 63. Be4 {[%clk 0:27:21]} Re5
{[%clk 0:00:56]} 64. Bxg6 {[%clk 0:27:38]} Ke6 {[%clk 0:01:09]} 65. Bc2
{[%clk 0:26:58]} Ne3 {[%clk 0:00:37]} 66. Bb3+ {[%clk 0:27:13]} Kf6
{[%clk 0:00:52]} 67. Rd6+ {[%clk 0:27:18]} Kg7 {[%clk 0:00:58]} 68. Kf4
{[%clk 0:27:22]} Rb5 {[%clk 0:00:35]} 69. Be6 {[%clk 0:26:13]} Ng2+
{[%clk 0:00:50]} 70. Kg3 {[%clk 0:26:29]} Ne3 {[%clk 0:01:02]} 71. Rd3
{[%clk 0:23:32]} Nf5+ {[%clk 0:01:03]} 72. Kh3 {[%clk 0:22:03]} Kf6
{[%clk 0:00:52]} 73. Bd7 {[%clk 0:20:44]} Rb4 {[%clk 0:00:38]} 74. Bxf5
{[%clk 0:20:50]} 1/2-1/2

[Event "1.CLZ 15/16,Unichess-Praha-Kobylisy"]
[Site "Praha"]
[Date "2016.02.28"]
[Round "9.6"]
[White "Slovak, Kilian"]
[Black "Kuba, Jindrich"]
[Result "1/2-1/2"]
[BlackElo "2253"]
[WhiteElo "2039"]
[WhiteTeam "Kobylisy"]
[BlackTeam "Unichess"]
[LiveChessVersion "1.4.6"]

1. e4 {[%clk 1:29:12]} c5 {[%clk 1:30:55]} 2. Nf3 {[%clk 1:29:24]} e6
{[%clk 1:31:19]} 3. d4 {[%clk 1:29:47]} cxd4 {[%clk 1:31:43]} 4. Nxd4
{[%clk 1:29:55]} a6 {[%clk 1:32:10]} 5. Nc3 {[%clk 1:30:15]} Qc7 {[%clk 1:32:34]}
6. Be3 {[%clk 1:30:19]} Nc6 {[%clk 1:32:48]} 7. Be2 {[%clk 1:30:10]} Nf6
{[%clk 1:33:12]} 8. O-O {[%clk 1:29:03]} Bd6 {[%clk 1:29:37]} 9. h3
{[%clk 1:21:54]} Be5 {[%clk 1:27:07]} 10. Nb3 {[%clk 1:13:25]} Bxc3
{[%clk 1:24:38]} 11. bxc3 {[%clk 1:13:12]} Nxe4 {[%clk 1:25:07]} 12. Bf3
{[%clk 1:09:20]} Nxc3 {[%clk 1:19:46]} 13. Qd2 {[%clk 1:06:53]} Na4
{[%clk 1:19:39]} 14. Bf4 {[%clk 1:00:18]} e5 {[%clk 1:18:15]} 15. Bxc6
{[%clk 0:58:54]} Qxc6 {[%clk 1:18:09]} 16. Bxe5 {[%clk 0:58:41]} O-O
{[%clk 1:18:03]} 17. Bd6 {[%clk 0:41:48]} Re8 {[%clk 1:17:20]} 18. Rfe1
{[%clk 0:36:48]} Re6 {[%clk 1:17:43]} 19. Na5 {[%clk 0:35:34]} Qc3
{[%clk 1:16:40]} 20. Rxe6 {[%clk 0:33:50]} fxe6 {[%clk 1:15:22]} 21. Qxc3
{[%clk 0:33:15]} Nxc3 {[%clk 1:15:47]} 22. Nc4 {[%clk 0:33:16]} Na4
{[%clk 1:14:42]} 23. Re1 {[%clk 0:28:21]} b5 {[%clk 1:14:21]} 24. Na5
{[%clk 0:27:23]} Nb6 {[%clk 1:02:30]} 25. c4 {[%clk 0:16:11]} Nxc4
{[%clk 1:01:48]} 26. Nxc4 {[%clk 0:14:36]} bxc4 {[%clk 1:02:17]} 27. Rc1
{[%clk 0:11:38]} Bb7 {[%clk 1:02:37]} 28. Rxc4 {[%clk 0:11:50]} Bd5
{[%clk 1:02:36]} 29. Rc2 {[%clk 0:10:47]} a5 {[%clk 1:02:48]} 30. Be5
{[%clk 0:05:42]} a4 {[%clk 1:02:54]} 31. a3 {[%clk 0:05:54]} Bc6 {[%clk 1:03:07]}
32. Rb2 {[%clk 0:05:54]} Kf7 {[%clk 1:03:17]} 33. Rb4 {[%clk 0:05:19]} g5
{[%clk 1:01:03]} 34. Rg4 {[%clk 0:01:20]} h6 {[%clk 1:01:22]} 35. Bc3
{[%clk 0:01:15]} Rb8 {[%clk 1:01:09]} 36. Bb4 {[%clk 0:01:28]} Kf6
{[%clk 0:58:58]} 37. Rd4 {[%clk 0:01:29]} Rb5 {[%clk 0:58:30]} 38. f4
{[%clk 0:01:13]} Kg6 {[%clk 0:57:27]} 39. g3 {[%clk 0:01:08]} Rf5
{[%clk 0:57:23]} 40. Bd6 {[%clk 0:01:22]} gxf4 {[%clk 0:54:33]} 41. Rxf4
{[%clk 0:30:08]} Rd5 {[%clk 1:23:49]} 42. Rg4+ {[%clk 0:29:48]} Rg5
{[%clk 1:23:43]} 43. Rxg5+ {[%clk 0:27:28]} Kxg5 {[%clk 1:23:43]} 44. Bf4+
{[%clk 0:25:18]} Kg6 {[%clk 1:24:11]} 45. Kf2 {[%clk 0:25:36]} h5
{[%clk 1:24:19]} 46. Ke3 {[%clk 0:23:39]} Kf5 {[%clk 1:24:32]} 47. Kd4
{[%clk 0:22:42]} Bg2 {[%clk 1:24:18]} 48. h4 {[%clk 0:22:52]} Bf3
{[%clk 1:19:43]} 49. Bd6 {[%clk 0:22:41]} Bg4 {[%clk 1:19:45]} 50. Bf4
{[%clk 0:22:12]} Kf6 {[%clk 1:19:53]} 51. Bd6 {[%clk 0:22:11]} Kf7
{[%clk 1:20:01]} 52. Ke5 {[%clk 0:21:15]} Ke8 {[%clk 1:20:26]} 53. Kd4
{[%clk 0:21:37]} Kd8 {[%clk 1:20:50]} 54. Kc5 {[%clk 0:21:50]} Kc8
{[%clk 1:21:13]} 55. Kb6 {[%clk 0:21:12]} Bd1 {[%clk 1:21:36]} 56. Ka7
{[%clk 0:20:04]} Kd8 {[%clk 1:22:00]} 57. Kb6 {[%clk 0:20:33]} Ke8
{[%clk 1:22:18]} 58. Kc5 {[%clk 0:21:01]} Kf7 {[%clk 1:22:33]} 59. Kd4
{[%clk 0:21:29]} Kf6 {[%clk 1:22:56]} 60. Ke4 {[%clk 0:20:43]} Bc2+
{[%clk 1:23:18]} 61. Kf4 {[%clk 0:19:55]} Bf5 {[%clk 1:23:43]} 62. Bc7
{[%clk 0:19:45]} d5 {[%clk 1:24:06]} 63. Be5+ {[%clk 0:19:59]} Ke7
{[%clk 1:24:28]} 64. Ke3 {[%clk 0:20:23]} Bc2 {[%clk 1:23:44]} 65. Kd4
{[%clk 0:19:24]} Kf7 {[%clk 1:24:07]} 66. Ke3 {[%clk 0:19:47]} Kg6
{[%clk 1:24:04]} 67. Kf4 {[%clk 0:20:00]} Bd1 {[%clk 1:24:30]} 68. Bd6
{[%clk 0:18:44]} Kf6 {[%clk 1:24:55]} 69. Be5+ {[%clk 0:19:03]} Ke7
{[%clk 1:25:08]} 70. Ke3 {[%clk 0:19:29]} Kd7 {[%clk 1:25:11]} 71. Kd4
{[%clk 0:19:19]} Kc6 {[%clk 1:25:30]} 72. Bf6 {[%clk 0:19:32]} Kd6 1/2-1/2

[Event "1.CLZ 15/16,Unichess-Praha-Kobylisy"]
[Site "Praha"]
[Date "2016.02.28"]
[Round "9.7"]
[White "Bartos, Jan"]
[Black "Parizek, Vojtech"]
[Result "1-0"]
[BlackElo "1852"]
[WhiteElo "2181"]
[WhiteTeam "Unichess"]
[BlackTeam "Kobylisy"]
[LiveChessVersion "1.4.6"]

1. d4 {[%clk 1:30:34]} Nf6 {[%clk 1:30:50]} 2. c4 {[%clk 1:30:57]} g6
{[%clk 1:31:15]} 3. Nc3 {[%clk 1:31:23]} Bg7 {[%clk 1:31:39]} 4. e4
{[%clk 1:31:49]} d6 {[%clk 1:32:02]} 5. f3 {[%clk 1:32:11]} O-O {[%clk 1:32:21]}
6. Be3 {[%clk 1:32:38]} e5 {[%clk 1:32:42]} 7. Nge2 {[%clk 1:33:03]} Nc6
{[%clk 1:17:09]} 8. d5 {[%clk 1:33:10]} Ne7 {[%clk 1:15:53]} 9. g4
{[%clk 1:32:12]} c6 {[%clk 1:15:05]} 10. Ng3 {[%clk 1:32:22]} cxd5
{[%clk 1:14:23]} 11. cxd5 {[%clk 1:32:47]} h5 {[%clk 0:56:16]} 12. gxh5
{[%clk 1:28:23]} Nxh5 {[%clk 0:55:40]} 13. Nxh5 {[%clk 1:28:46]} gxh5
{[%clk 0:56:03]} 14. Qd2 {[%clk 1:27:48]} Ng6 {[%clk 0:53:04]} 15. O-O-O
{[%clk 1:27:22]} Kh7 {[%clk 0:43:43]} 16. Rg1 {[%clk 1:22:23]} Rh8
{[%clk 0:33:08]} 17. Bd3 {[%clk 1:16:11]} Qf8 {[%clk 0:25:38]} 18. Rg5
{[%clk 1:05:23]} Kg8 {[%clk 0:24:04]} 19. Rdg1 {[%clk 1:03:29]} Bf6
{[%clk 0:20:50]} 20. R5g2 {[%clk 0:59:35]} Kh7 {[%clk 0:17:30]} 21. f4
{[%clk 0:57:40]} Bg4 {[%clk 0:13:01]} 22. h3 {[%clk 0:55:02]} Bd7
{[%clk 0:07:59]} 23. f5 {[%clk 0:47:42]} Nh4 {[%clk 0:07:54]} 24. Rg3
{[%clk 0:47:37]} Qe7 {[%clk 0:07:54]} 25. Qe2 {[%clk 0:47:36]} Ng6
{[%clk 0:04:31]} 26. fxg6+ {[%clk 0:47:47]} Kg7 {[%clk 0:03:53]} 27. gxf7+
{[%clk 0:47:50]} Kxf7 {[%clk 0:04:12]} 28. Bg5 {[%clk 0:46:17]} Ke8
{[%clk 0:02:49]} 29. Bxf6 {[%clk 0:46:26]} Qxf6 {[%clk 0:02:51]} 30. Rg8+
{[%clk 0:46:18]} Kf7 {[%clk 0:03:03]} 31. Rxa8 {[%clk 0:46:40]} Qh6+
{[%clk 0:03:25]} 32. Kc2 {[%clk 0:46:02]} Rxa8 {[%clk 0:03:49]} 33. Qf2+
{[%clk 0:46:01]} 1-0